000 01110cab a2200289 4500
001 ABS50810
008 090401t1994 xxu||||| |||| 00| 0 eng d
035 _a(Sirsi) u55507
041 _aeng
100 _aHooper, A.
245 _aHouse adaptability for sustainable change
260 _c1994
350 _a0
490 _aTown & Country Planning
_v63(5) May 1994, 142-144(3)
520 _aLooks at the ways in which people seek to adapt their domestic environment and points to the need for a radical re-appraisal of the scope and purpose of the planning of residential areas, in terms of both sustainable development and meeting residents` needs. Also discusses problems and looks at planning control problems, providing some solutions as well as implications for the future.
650 _aESSEX DESIGN GUIDE
650 _aNEW HOMES MARKETING BOARD
650 _aPLANNING CONTROL
650 _aPPG1
650 _aPPG3
650 _aRESIDENTIAL AREAS
650 _aSUBURBAN AREAS
690 _aRefurbishment
_96264
690 _aHOUSING-DEVELOPMENT
942 _n0
948 _c04/03/1997
999 _c33915
_d33915